Problém Kosova v medzinárodných vzťahoch bakalárska práca

Gespeichert in:
Bibliographische Detailangaben
1. Verfasser: Sukopová, Jana
Körperschaft: Fakulta medzinárodných vzťahov EU. Katedra medzinárodných politických vzťahov
Weitere Verfasser: Weiss, Peter
Format: Buch
Sprache:Slowakisch
Veröffentlicht: Bratislava 2009
Tags: Tag hinzufügen
Keine Tags, Fügen Sie das erste Tag hinzu!

MARC

LEADER 00000nam$a2200000$$$4500
001 0099962
005 20240318140648.4
041 0 |a slo 
044 |a SK 
245 1 0 |a Problém Kosova v medzinárodných vzťahoch  |b bakalárska práca  |c Jana Sukopová ; škol. Peter Weiss 
264 1 |a Bratislava  |c 2009 
300 |a 35 s. 
100 1 |a Sukopová, Jana 
700 1 |a Weiss, Peter 
710 2 |a Fakulta medzinárodných vzťahov EU. Katedra medzinárodných politických vzťahov